| 000 | 00599nam a2200241Ia 4500 | ||
|---|---|---|---|
| 003 | OSt | ||
| 005 | 20221005122809.0 | ||
| 006 | a|||||r|||| 00| 0 | ||
| 007 | ta | ||
| 008 | 221004b |||||||| |||| 00| 0 tam d | ||
| 024 | _a52135 | ||
| 037 | _cTextual | ||
| 040 |
_aCRL _cCRL _btam |
||
| 041 |
_2tam _atam |
||
| 082 | _aU8.5921.N7, 31L4 | ||
| 100 |
_aJanagiraman _9632627 |
||
| 245 | 0 | _aKarugkadalum kalaikadalum | |
| 260 | _c1974 | ||
| 300 |
_a211p. _ccm. |
||
| 650 | _aGEOGRAPHY | ||
| 942 |
_hU8.5921.N7, 31L4 _cTEXL _2cc |
||
| 999 |
_c1045411 _d1045411 |
||